Teatro : Jardines tragicos; Indisoluble.

Bibliographic Details
Main Author: Davalos, Marcelino
Format: Book
Language:Spanish
Published: Mexico : Imprenta del Museo Nacional, 1916.

MARC

Tag First Indicator Second Indicator Subfields
LEADER 00000cam a2200000 4500
001 in00000714366
005 20151016060313.0
008 800716s1916 mx a 00000 spa d
035 |a (OCoLC)06521967 
035 |9 ADC9611AM 
040 |a TXA  |c TXA  |d UtOrBLW 
049 |a TXAM  |c [220636] 
090 |a PQ7297.D3  |b T43 1916 
092 |a 862  |b D245j 
100 1 |a Davalos, Marcelino. 
245 1 0 |a Teatro :  |b Jardines tragicos; Indisoluble. 
264 1 |a Mexico :  |b Imprenta del Museo Nacional,  |c 1916. 
300 |a 332 pages :  |b illustrations 
336 |a text  |b txt  |2 rdacontent 
337 |a unmediated  |b n  |2 rdamedia 
338 |a volume  |b nc  |2 rdacarrier 
999 |a MARS 
999 f f |s 270b6a21-bfeb-331f-99a9-910bf374f961  |i eb72267e-cca4-32d5-b2d1-617fd86ad8d3  |t 0 
952 f f |p ric  |a Texas A&M University  |b Rellis Campus  |c Joint Library Facility  |d Remote Storage  |t 0  |e PQ7297.D3 T43 1916  |h Library of Congress classification  |i unmediated -- volume  |m A14801380824 
998 f f |a PQ7297.D3 T43 1916  |t 0  |l Remote Storage